[Event "IIFL Wealth  4th Mumbai Junior U-13"]
[Site "Mumbai"]
[Date "2019.01.02"]
[Round "4"]
[White "Bagwe Gaurang"]
[Black "Nikhil Magizhnan"]
[Result "0-1"]
[WhiteElo "1768"]
[BlackElo "2148"]
[Annotator "ChessBase"]
[PlyCount "122"]
[EventDate "2018.12.30"]
[EventType "swiss"]
[EventCountry "IND"]
[SourceTitle "playchess.com"]
[Source "ChessBase"]
[SourceQuality "1"]
[TimeControl "40/5400+30:1800+30"]

1. e4 {[%emt 0:00:00]} c5 {[%emt 0:00:00]} 2. c3 {[%emt 0:00:10]} Nf6 {[%emt 0:00:01]} 3. e5 {[%emt 0:00:11]} Nd5 {[%emt 0:00:21]} 4. d4 {[%emt 0:00:08]} cxd4 {[%emt 0:00:21]} 5. Nf3 {[%emt 0:00:07]} e6 {[%emt 0:00:10]} 6. cxd4 {[%emt 0:00:12]} Nc6 {[%emt 0:01:03]} 7. Nc3 {[%emt 0:03:13]} d6 {[%emt 0:08:01]} 8. Nxd5 {[%emt 0:11:30]} exd5 {[%emt 0:00:16]} 9. Be2 {[%emt 0:01:08]} dxe5 {[%emt 0:12:42]} 10. Nxe5 {[%emt 0:02:21]} Bb4+ {[%emt 0:01:30]} 11. Bd2 {[%emt 0:00:52]} Qa5 {[%emt 0:00:23]} 12. Nxc6 {[%emt 0:01:19]} bxc6 13. a3 {[%emt 0:00:59]} Bxd2+ {[%emt 0:00:34]} 14. Qxd2 {[%emt 0:00:01]} Qxd2+ {[%emt 0:01:58]} 15. Kxd2 {[%emt 0:00:06]} O-O {[%emt 0:02:09]} 16. Rac1 {[%emt 0:02:26]} Bd7 {[%emt 0:00:21]} 17. Ba6 {[%emt 0:01:16]} Rfb8 {[%emt 0:01:20]} 18. b4 {[%emt 0:04:13]} Rb6 {[%emt 0:00:06]} 19. Bd3 {[%emt 0:00:50]} a5 {[%emt 0:00:55]} 20. Ra1 {[%emt 0:00:11]} Kf8 {[%emt 0:04:18]} 21. Kc3 {[%emt 0:01:49]} Ke7 {[%emt 0:01:23]} 22. Rhb1 {[%emt 0:00:11]} Kd6 {[%emt 0:00:12]} 23. bxa5 {[%emt 0:02:50]} Rxb1 {[%emt 0:00:12]} 24. Rxb1 {[%emt 0:00:12]} Rxa5 {[%emt 0:00:10]} 25. Kb4 {[%emt 0:00:25]} Ra8 {[%emt 0:00:27]} 26. a4 {[%emt 0:01:15]} Bc8 {[%emt 0:01:38]} 27. a5 Ba6 {[%emt 0:00:24]} 28. Bc2 {[%emt 0:13:19]} Bc4 {[%emt 0:01:32]} 29. Bb3 {[%emt 0:09:22]} Rb8+ {[%emt 0:03:40]} 30. Kc3 {[%emt 0:04:18]} Rb5 {[%emt 0:01:57]} 31. Bc2 {[%emt 0:00:50]} Rxa5 {[%emt 0:00:17]} 32. Rb7 {[%emt 0:00:27]} Ke6 {[%emt 0:08:12]} 33. Bxh7 {[%emt 0:02:14]} g6 {[%emt 0:04:47]} 34. Bg8 {[%emt 0:00:53]} Ra3+ {[%emt 0:00:19]} 35. Kd2 {[%emt 0:00:30]} Rd3+ {[%emt 0:00:12]} 36. Kc2 {[%emt 0:01:10]} Rxd4 {[%emt 0:01:03]} 37. Rxf7 {[%emt 0:02:52]} Kd6 {[%emt 0:01:03]} 38. Rf6+ {[%emt 0:01:16]} Kc5 {[%emt 0:00:05]} 39. Bf7 {[%emt 0:00:43]} g5 {[%emt 0:00:38]} 40. g3 {[%emt 0:00:00]} Re4 {[%emt 0:00:00]} 41. Re6 {[%emt 0:05:17]} Rd4 {[%emt 0:10:05]} 42. Rf6 {[%emt 0:01:13]} Bb5 {[%emt 0:02:01]} 43. f4 {[%emt 0:02:00]} gxf4 {[%emt 0:00:37]} 44. Rxf4 {[%emt 0:01:26]} Bd3+ {[%emt 0:00:23]} 45. Kc1 {[%emt 0:02:16]} Be4 {[%emt 0:00:40]} 46. h4 {[%emt 0:01:21]} Rd3 {[%emt 0:02:03]} 47. g4 {[%emt 0:01:17]} Kd4 {[%emt 0:04:29]} 48. Rf2 {[%emt 0:06:02]} Rh3 {[%emt 0:01:12]} 49. h5 {[%emt 0:08:58]} Kc3 {[%emt 0:01:52]} 50. Rf1 {[%emt 0:02:47]} Rh2 {[%emt 0:03:47]} 51. Bg6 {[%emt 0:05:54]} Ra2 {[%emt 0:17:06]} 52. Kd1 {[%emt 0:12:37]} Bxg6 {[%emt 0:03:34]} 53. hxg6 {[%emt 0:00:09]} d4 {[%emt 0:00:56]} 54. Rf5 {[%emt 0:07:18]} Ra1+ {[%emt 0:03:06]} 55. Ke2 {[%emt 0:00:07]} d3+ {[%emt 0:00:05]} 56. Kf2 {[%emt 0:03:34]} d2 {[%emt 0:00:29]} 57. g7 {[%emt 0:01:45]} d1=Q {[%emt 0:00:55]} 58. g8=Q Qg1+ {[%emt 0:00:25]} 59. Ke2 {[%emt 0:01:40]} Re1+ {[%emt 0:00:11]} 60. Kf3 {[%emt 0:00:01]} Qe3+ {[%emt 0:00:18]} 61. Kg2 {[%emt 0:00:24]} Rg1+ {[%emt 0:00:19]} 0-1

[Event "IIFL Wealth  4th Mumbai Junior U-13"]
[Site "Mumbai"]
[Date "2019.01.02"]
[Round "4"]
[White "Devesh Anand Naik"]
[Black "Aditya Ramanathan"]
[Result "1-0"]
[WhiteElo "1763"]
[BlackElo "1493"]
[Annotator "NA"]
[PlyCount "117"]
[EventDate "2018.12.30"]
[EventType "swiss"]
[EventCountry "IND"]
[SourceTitle "playchess.com"]
[Source "ChessBase"]
[SourceQuality "1"]
[TimeControl "40/5400+30:1800+30"]

1. e4 {[%emt 0:00:00]} e5 {[%emt 0:00:00]} 2. Nf3 {[%emt 0:00:00]} Nc6 {[%emt 0:00:00]} 3. Bb5 {[%emt 0:00:00]} a6 {[%emt 0:00:00]} 4. Ba4 {[%emt 0:00:00]} Nf6 {[%emt 0:00:00]} 5. d3 {[%emt 0:00:00]} d6 {[%emt 0:00:06]} 6. O-O {[%emt 0:00:12]} b5 {[%emt 0:00:32]} 7. Bb3 {[%emt 0:00:07]} Na5 {[%emt 0:00:09]} 8. Nbd2 {[%emt 0:01:21]} Nxb3 {[%emt 0:00:17]} 9. axb3 {[%emt 0:00:09]} c5 {[%emt 0:01:08]} 10. Re1 {[%emt 0:00:18]} Be7 {[%emt 0:00:33]} 11. Nf1 {[%emt 0:00:25]} O-O {[%emt 0:00:12]} 12. c3 {[%emt 0:00:57]} Bg4 {[%emt 0:00:40]} 13. h3 {[%emt 0:00:27]} Bh5 {[%emt 0:01:47]} 14. Ng3 {[%emt 0:01:54]} Bg6 15. Nh4 {[%emt 0:01:24]} Qd7 {[%emt 0:03:13]} 16. Nxg6 {[%emt 0:01:32]} hxg6 {[%emt 0:00:11]} 17. f4 Qe6 {[%emt 0:06:15]} 18. Be3 {[%emt 0:21:06]} d5 {[%emt 0:04:11]} 19. fxe5 {[%emt 0:16:34]} Qxe5 {[%emt 0:01:11]} 20. Bf2 {[%emt 0:00:43]} dxe4 {[%emt 0:05:00]} 21. Nxe4 {[%emt 0:00:56]} Nxe4 {[%emt 0:01:17]} 22. Rxe4 {[%emt 0:00:13]} Qc7 {[%emt 0:00:39]} 23. Qe2 {[%emt 0:04:36]} Bd6 {[%emt 0:00:25]} 24. d4 {[%emt 0:03:42]} cxd4 {[%emt 0:00:44]} 25. Bxd4 {[%emt 0:00:28]} Bc5 {[%emt 0:01:08]} 26. Re1 {[%emt 0:03:18]} Rad8 {[%emt 0:01:58]} 27. Bxc5 {[%emt 0:00:59]} Qxc5+ {[%emt 0:00:12]} 28. Qf2 {[%emt 0:00:24]} Qg5 {[%emt 0:04:05]} 29. Qe3 {[%emt 0:01:13]} Qxe3+ {[%emt 0:01:20]} 30. R1xe3 {[%emt 0:00:45]} Rd2 {[%emt 0:00:11]} 31. Re2 {[%emt 0:00:27]} Rfd8 {[%emt 0:00:14]} 32. Kf2 {[%emt 0:01:30]} Kf8 {[%emt 0:03:47]} 33. Re8+ {[%emt 0:01:04]} Rxe8 {[%emt 0:00:05]} 34. Rxd2 {[%emt 0:00:06]} Ke7 {[%emt 0:01:09]} 35. Re2+ {[%emt 0:00:22]} Kd7 {[%emt 0:00:06]} 36. Rxe8 {[%emt 0:00:40]} Kxe8 {[%emt 0:00:06]} 37. Ke3 {[%emt 0:00:31]} Ke7 {[%emt 0:00:05]} 38. c4 {[%emt 0:00:23]} Kd6 {[%emt 0:00:30]} 39. Kd4 {[%emt 0:01:33]} f6 {[%emt 0:00:30]} 40. c5+ {[%emt 0:00:00]} Ke6 {[%emt 0:00:00]} 41. b4 {[%emt 0:02:06]} g5 {[%emt 0:04:33]} 42. Ke4 {[%emt 0:01:11]} Ke7 {[%emt 0:01:52]} 43. Kd5 {[%emt 0:01:24]} Kd7 {[%emt 0:00:32]} 44. c6+ {[%emt 0:00:47]} Kc7 {[%emt 0:00:06]} 45. Kc5 {[%emt 0:00:16]} g6 {[%emt 0:00:20]} 46. Kd5 {[%emt 0:00:21]} f5 {[%emt 0:00:16]} 47. Kc5 {[%emt 0:00:28]} g4 {[%emt 0:00:06]} 48. hxg4 {[%emt 0:00:10]} fxg4 {[%emt 0:00:17]} 49. g3 {[%emt 0:00:25]} Kc8 {[%emt 0:00:07]} 50. Kb6 {[%emt 0:00:15]} a5 {[%emt 0:00:08]} 51. bxa5 {[%emt 0:00:07]} b4 {[%emt 0:00:12]} 52. a6 {[%emt 0:00:10]} Kd8 {[%emt 0:00:05]} 53. a7 {[%emt 0:00:08]} b3 {[%emt 0:00:11]} 54. a8=Q+ {[%emt 0:00:09]} Ke7 {[%emt 0:00:07]} 55. c7 {[%emt 0:00:09]} Kd6 {[%emt 0:00:07]} 56. c8=Q {[%emt 0:00:33]} Ke5 {[%emt 0:00:06]} 57. Qac6 {[%emt 0:00:44]} g5 {[%emt 0:00:08]} 58. Q8e6+ {[%emt 0:00:07]} Kd4 {[%emt 0:00:06]} 59. Qcc4# 1-0

[Event "IIFL Wealth  4th Mumbai Junior U-13"]
[Site "Mumbai"]
[Date "2019.01.02"]
[Round "4"]
[White "Ananmay Sharma"]
[Black "Vaval Aaditi"]
[Result "1-0"]
[WhiteElo "1749"]
[BlackElo "1367"]
[Annotator "NA"]
[PlyCount "111"]
[EventDate "2018.12.30"]
[EventType "swiss"]
[EventCountry "IND"]
[SourceTitle "playchess.com"]
[Source "ChessBase"]
[SourceQuality "1"]
[TimeControl "40/5400+30:1800+30"]

1. d4 {[%emt 0:00:00]} d5 {[%emt 0:00:00]} 2. Bf4 {[%emt 0:00:00]} Nf6 {[%emt 0:00:00]} 3. e3 {[%emt 0:00:00]} c5 {[%emt 0:00:51]} 4. c3 {[%emt 0:02:14]} e6 {[%emt 0:00:41]} 5. Nd2 {[%emt 0:00:28]} Nc6 {[%emt 0:00:31]} 6. Ngf3 {[%emt 0:01:26]} Be7 {[%emt 0:01:39]} 7. h3 {[%emt 0:01:23]} c4 {[%emt 0:06:31]} 8. Be2 {[%emt 0:14:11]} b5 {[%emt 0:04:44]} 9. O-O {[%emt 0:02:13]} O-O {[%emt 0:00:11]} 10. b3 {[%emt 0:02:33]} a6 {[%emt 0:02:17]} 11. Ne5 {[%emt 0:03:15]} Nxe5 {[%emt 0:01:17]} 12. dxe5 {[%emt 0:01:02]} Nd7 {[%emt 0:04:11]} 13. bxc4 {[%emt 0:02:28]} bxc4 {[%emt 0:04:39]} 14. e4 {[%emt 0:02:01]} Nc5 {[%emt 0:03:28]} 15. exd5 {[%emt 0:01:58]} exd5 {[%emt 0:00:23]} 16. Be3 {[%emt 0:02:33]} Bf5 {[%emt 0:09:33]} 17. f4 {[%emt 0:02:29]} Ne4 {[%emt 0:09:58]} 18. Nxe4 {[%emt 0:02:26]} Bxe4 {[%emt 0:02:04]} 19. Bd4 {[%emt 0:03:49]} Qa5 {[%emt 0:09:51]} 20. Qe1 {[%emt 0:04:16]} Qa4 {[%emt 0:16:07]} 21. Qg3 {[%emt 0:16:02]} f6 {[%emt 0:05:16]} 22. Bf3 {[%emt 0:05:37]} Bxf3 {[%emt 0:01:03]} 23. Qxf3 {[%emt 0:00:13]} Qc6 {[%emt 0:00:58]} 24. Qe3 {[%emt 0:09:17]} fxe5 {[%emt 0:01:47]} 25. fxe5 {[%emt 0:01:11]} Qe6 {[%emt 0:02:44]} 26. Rfd1 {[%emt 0:04:20]} Rab8 {[%emt 0:01:27]} 27. Rab1 {[%emt 0:00:57]} Qf5 {[%emt 0:03:30]} 28. Rxb8 {[%emt 0:01:05]} Rxb8 {[%emt 0:00:16]} 29. Qg3 {[%emt 0:02:31]} Rb1 {[%emt 0:02:40]} 30. Rxb1 Qxb1+ {[%emt 0:00:01]} 31. Kh2 {[%emt 0:00:44]} Qg6 {[%emt 0:00:59]} 32. Qf3 {[%emt 0:01:41]} Qf7 {[%emt 0:00:36]} 33. Qg4 {[%emt 0:00:18]} Qg6 {[%emt 0:00:44]} 34. Qd7 {[%emt 0:03:10]} Qf7 {[%emt 0:02:02]} 35. Qc8+ {[%emt 0:00:39]} Qf8 {[%emt 0:00:25]} 36. Qxa6 {[%emt 0:00:48]} Qf4+ {[%emt 0:00:12]} 37. Kh1 {[%emt 0:00:03]} Qc1+ {[%emt 0:01:10]} 38. Bg1 {[%emt 0:00:04]} Qxc3 {[%emt 0:01:25]} 39. Qa8+ {[%emt 0:00:09]} Kf7 {[%emt 0:01:05]} 40. Qxd5+ {[%emt 0:00:00]} Ke8 {[%emt 0:00:00]} 41. e6 {[%emt 0:01:14]} Qd3 {[%emt 0:01:01]} 42. Qc6+ {[%emt 0:01:29]} Kf8 {[%emt 0:01:01]} 43. Qc8+ {[%emt 0:00:08]} Qd8 {[%emt 0:00:44]} 44. Qxc4 {[%emt 0:00:19]} Bd6 {[%emt 0:01:26]} 45. Qd5 {[%emt 0:02:45]} Qc7 {[%emt 0:01:28]} 46. Qa8+ {[%emt 0:01:29]} Ke7 {[%emt 0:00:25]} 47. Qg8 {[%emt 0:00:06]} Kf6 {[%emt 0:00:32]} 48. Bd4+ {[%emt 0:01:00]} Be5 {[%emt 0:00:34]} 49. Qe8 {Bd6 Be3} Kg5 {Bd4 Kf6} 50. Qg8 Kg6 51. Qe8+ Kh6 52. Be3+ g5 53. Qf7 Qc3 54. e7 Qxe3 55. Qf6+ Kh5 56. Qd6 1-0

[Event "IIFL Wealth  4th Mumbai Junior U-13"]
[Site "Mumbai"]
[Date "2019.01.02"]
[Round "4"]
[White "Arhan Chethan Anand"]
[Black "Shravan Swaminathan"]
[Result "1/2-1/2"]
[WhiteElo "1710"]
[BlackElo "1488"]
[Annotator "NA RC"]
[PlyCount "96"]
[EventDate "2018.12.30"]
[EventType "swiss"]
[EventCountry "IND"]
[SourceTitle "playchess.com"]
[Source "ChessBase"]
[SourceQuality "1"]
[TimeControl "40/5400+30:1800+30"]

1. d4 {[%emt 0:00:00]} c6 {[%emt 0:00:00]} 2. c4 {[%emt 0:00:00]} d5 {[%emt 0:00:00]} 3. Nf3 {[%emt 0:00:00]} Nf6 {[%emt 0:00:04]} 4. Nc3 {[%emt 0:00:07]} e6 {[%emt 0:00:07]} 5. Bg5 {[%emt 0:00:09]} Be7 {[%emt 0:00:19]} 6. e3 {[%emt 0:00:18]} O-O {[%emt 0:01:20]} 7. Bd3 {[%emt 0:00:35]} dxc4 {[%emt 0:01:57]} 8. Bxc4 {[%emt 0:00:03]} b5 {[%emt 0:01:00]} 9. Bd3 {[%emt 0:00:09]} Bb7 {[%emt 0:00:12]} 10. O-O {[%emt 0:01:42]} Nbd7 {[%emt 0:05:58]} 11. Rc1 {[%emt 0:03:14]} a6 {[%emt 0:02:46]} 12. a4 {[%emt 0:00:30]} Rc8 {[%emt 0:16:38]} 13. Qe2 {[%emt 0:02:59]} b4 {[%emt 0:12:45]} 14. Ne4 {[%emt 0:06:03]} Nxe4 {[%emt 0:22:06]} 15. Bxe7 {[%emt 0:00:34]} Qxe7 {[%emt 0:00:02]} 16. Bxe4 {[%emt 0:00:02]} e5 {[%emt 0:03:25]} 17. dxe5 {[%emt 0:19:32]} Nxe5 {[%emt 0:00:18]} 18. Nd4 {[%emt 0:01:55]} a5 {[%emt 0:17:00]} 19. Nf5 {[%emt 0:10:22]} Qf6 {[%emt 0:00:38]} 20. Ng3 {[%emt 0:06:35]} Qe7 {[%emt 0:02:32]} 21. Rfd1 {[%emt 0:02:37]} Rfd8 {[%emt 0:00:57]} 22. Qc2 {[%emt 0:01:21]} g6 {[%emt 0:00:36]} 23. h3 {[%emt 0:01:20]} f5 {[%emt 0:05:33]} 24. Bd3 {[%emt 0:01:31]} Nxd3 {[%emt 0:01:15]} 25. Rxd3 {[%emt 0:00:02]} c5 {[%emt 0:01:21]} 26. Qc4+ {[%emt 0:00:27]} Kf8 {[%emt 0:00:52]} 27. Rcd1 {[%emt 0:03:06]} Rxd3 {[%emt 0:01:28]} 28. Rxd3 {[%emt 0:00:06]} Bc6 {[%emt 0:01:20]} 29. b3 {[%emt 0:00:36]} Be4 {[%emt 0:00:43]} 30. Nxe4 {[%emt 0:01:11]} Qxe4 {[%emt 0:00:19]} 31. Qa6 {[%emt 0:00:31]} Ra8 {[%emt 0:00:31]} 32. Qd6+ {[%emt 0:01:10]} Qe7 {[%emt 0:00:14]} 33. Qc6 {[%emt 0:00:16]} Ra7 {[%emt 0:00:18]} 34. Qc8+ {[%emt 0:00:29]} Kg7 {[%emt 0:00:40]} 35. Qc6 {[%emt 0:03:01]} Qc7 {[%emt 0:00:37]} 36. Qd5 {[%emt 0:01:22]} Qe7 {[%emt 0:00:14]} 37. f3 {[%emt 0:02:27]} Rc7 {[%emt 0:00:55]} 38. e4 {[%emt 0:00:10]} fxe4 {[%emt 0:00:54]} 39. fxe4 {[%emt 0:00:01]} c4 {[%emt 0:00:59]} 40. bxc4 {[%emt 0:00:00]} Qc5+ {[%emt 0:00:00]} 41. Kh2 {[%emt 0:01:08]} Qxc4 {[%emt 0:07:16]} 42. Qe5+ {[%emt 0:00:22]} Kh6 {[%emt 0:10:56]} 43. Qf4+ {[%emt 0:03:25]} Kg7 {[%emt 0:00:06]} 44. Qe5+ {[%emt 0:00:57]} Kh6 {[%emt 0:00:08]} 45. Qf4+ {[%emt 0:02:43]} Kg7 {[%emt 0:00:06]} 46. Qe5+ {[%emt 0:00:48]} Kh6 {[%emt 0:00:06]} 47. Qf4+ {[%emt 0:04:43]} Kg7 {[%emt 0:00:16]} 48. Qe5+ {[%emt 0:00:07]} Kh6 1/2-1/2

[Event "IIFL Wealth  4th Mumbai Junior U-13"]
[Site "Mumbai"]
[Date "2019.01.02"]
[Round "4"]
[White "Pawar, Harshit"]
[Black "Daakshin Arun"]
[Result "1-0"]
[WhiteElo "1671"]
[BlackElo "1400"]
[Annotator "NA RC"]
[PlyCount "149"]
[EventDate "2018.12.30"]
[EventType "swiss"]
[EventCountry "IND"]
[SourceTitle "playchess.com"]
[Source "ChessBase"]
[SourceQuality "1"]
[TimeControl "40/5400+30:1800+30"]

1. e4 {[%emt 0:00:00]} c5 {[%emt 0:00:00]} 2. a3 {[%emt 0:00:01]} d6 {[%emt 0:00:00]} 3. b4 {[%emt 0:03:57]} cxb4 {[%emt 0:00:08]} 4. axb4 {[%emt 0:01:47]} Nf6 {[%emt 0:00:06]} 5. d3 {[%emt 0:01:49]} Qb6 {[%emt 0:01:26]} 6. c3 {[%emt 0:02:29]} g6 {[%emt 0:01:40]} 7. Be3 {[%emt 0:02:28]} Qc7 {[%emt 0:01:39]} 8. h3 {[%emt 0:03:28]} b6 {[%emt 0:00:47]} 9. Nf3 {[%emt 0:02:37]} Bg7 {[%emt 0:00:19]} 10. Be2 {[%emt 0:01:26]} O-O {[%emt 0:01:09]} 11. O-O {[%emt 0:02:13]} Bb7 {[%emt 0:00:54]} 12. Qd2 {[%emt 0:02:26]} Rd8 {[%emt 0:00:25]} 13. Na3 {[%emt 0:03:05]} a6 {[%emt 0:01:46]} 14. Rab1 {[%emt 0:05:13]} Nbd7 {[%emt 0:02:28]} 15. Rfc1 {[%emt 0:03:38]} Rac8 {[%emt 0:01:33]} 16. c4 {[%emt 0:03:20]} Ba8 {[%emt 0:06:11]} 17. Rc2 {[%emt 0:03:05]} Qa7 {[%emt 0:02:53]} 18. Bd4 {[%emt 0:05:55]} e5 {[%emt 0:04:33]} 19. Be3 {[%emt 0:02:30]} Kh8 {[%emt 0:02:02]} 20. Bh6 {[%emt 0:04:36]} Kg8 {[%emt 0:01:12]} 21. Bg5 {[%emt 0:03:52]} Kh8 {[%emt 0:00:56]} 22. g3 {[%emt 0:01:43]} Kg8 {[%emt 0:01:13]} 23. Kg2 {[%emt 0:00:55]} h5 {[%emt 0:01:11]} 24. Be3 Kh8 25. Ng5 {[%emt 0:04:26]} Kg8 {[%emt 0:01:03]} 26. h4 {[%emt 0:01:08]} Kf8 {[%emt 0:01:33]} 27. f3 {[%emt 0:01:23]} Kg8 {[%emt 0:00:32]} 28. Kh2 {[%emt 0:01:07]} Kf8 {[%emt 0:00:22]} 29. Rf1 {[%emt 0:01:27]} Ke7 {[%emt 0:01:06]} 30. Rd1 {[%emt 0:01:32]} Kf8 {[%emt 0:03:03]} 31. Bf1 {[%emt 0:02:24]} Ke7 {[%emt 0:02:31]} 32. Bh3 {[%emt 0:00:46]} Bh6 {[%emt 0:02:24]} 33. Qf2 {[%emt 0:01:54]} Rc7 {[%emt 0:02:24]} 34. Kg1 {[%emt 0:01:26]} Rdc8 {[%emt 0:01:20]} 35. Rcd2 {[%emt 0:01:08]} Rd8 {[%emt 0:00:32]} 36. d4 {[%emt 0:03:33]} Bg7 {[%emt 0:01:54]} 37. dxe5 {[%emt 0:01:04]} Nxe5 {[%emt 0:01:09]} 38. Bxb6 {[%emt 0:01:12]} Qb7 {[%emt 0:00:50]} 39. Bxc7 {[%emt 0:02:00]} Qxc7 {[%emt 0:00:15]} 40. c5 {[%emt 0:00:00]} d5 {[%emt 0:00:00]} 41. Bg2 {[%emt 0:03:51]} Bc6 {[%emt 0:02:33]} 42. Nb1 {[%emt 0:01:42]} Nc4 {[%emt 0:04:48]} 43. exd5 {[%emt 0:04:35]} Bxd5 {[%emt 0:00:14]} 44. Rd3 {[%emt 0:05:31]} Kf8 {[%emt 0:00:29]} 45. Nc3 {[%emt 0:01:36]} Qe5 {[%emt 0:02:25]} 46. f4 {[%emt 0:04:51]} Qf5 {[%emt 0:00:19]} 47. Nxd5 {[%emt 0:00:48]} Ng4 {[%emt 0:00:24]} 48. Qe2 {[%emt 0:01:26]} Re8 {[%emt 0:00:48]} 49. Nh7+ {[%emt 0:01:03]} Kg8 {[%emt 0:00:28]} 50. Qxe8+ {[%emt 0:00:36]} Kxh7 {[%emt 0:00:10]} 51. Be4 {[%emt 0:00:25]} Qe6 {[%emt 0:00:25]} 52. Qxe6 {[%emt 0:00:56]} fxe6 {[%emt 0:00:07]} 53. Ne7 {[%emt 0:00:24]} Nb2 {[%emt 0:00:07]} 54. Nxg6 {[%emt 0:00:31]} Nxd3 {[%emt 0:00:11]} 55. Bxd3 {[%emt 0:00:33]} Bd4+ {[%emt 0:00:34]} 56. Kf1 {[%emt 0:00:16]} Ne3+ {[%emt 0:00:14]} 57. Ke2 {[%emt 0:00:06]} Nxd1 {[%emt 0:00:06]} 58. Kxd1 {[%emt 0:00:04]} Kg7 {[%emt 0:00:09]} 59. c6 {[%emt 0:00:05]} Bb6 {[%emt 0:00:03]} 60. Ne5 {[%emt 0:00:06]} Bc7 {[%emt 0:00:07]} 61. Bxa6 {[%emt 0:00:32]} Kf6 {[%emt 0:00:08]} 62. b5 {[%emt 0:00:18]} Ke7 {[%emt 0:00:10]} 63. Nc4 {[%emt 0:00:10]} Kd8 {[%emt 0:00:12]} 64. Bb7 {[%emt 0:00:26]} Bb8 {[%emt 0:00:17]} 65. b6 {[%emt 0:00:06]} Bc7 {[%emt 0:00:07]} 66. bxc7+ {[%emt 0:00:24]} Kxc7 {[%emt 0:00:11]} 67. Ke1 {[%emt 0:00:09]} Kb8 {[%emt 0:00:22]} 68. Kf1 {[%emt 0:00:06]} e5 {[%emt 0:00:04]} 69. f5 {[%emt 0:00:06]} e4 {[%emt 0:00:06]} 70. f6 {[%emt 0:00:06]} e3 {[%emt 0:00:05]} 71. f7 {[%emt 0:00:08]} e2+ {[%emt 0:00:02]} 72. Ke1 {[%emt 0:00:05]} Ka7 {[%emt 0:00:03]} 73. g4 {[%emt 0:00:10]} hxg4 {[%emt 0:00:12]} 74. f8=Q {[%emt 0:00:07]} g3 {[%emt 0:00:05]} 75. Qa8# 1-0

[Event "IIFL Wealth  4th Mumbai Junior U-13"]
[Site "Mumbai"]
[Date "2019.01.02"]
[Round "4"]
[White "Mahajan Ayush"]
[Black "Aggarwal Vansh"]
[Result "1/2-1/2"]
[WhiteElo "1629"]
[BlackElo "1328"]
[Annotator "NA"]
[PlyCount "66"]
[EventDate "2018.12.30"]
[EventType "swiss"]
[EventCountry "IND"]
[SourceTitle "playchess.com"]
[Source "ChessBase"]
[SourceQuality "1"]
[TimeControl "40/5400+30:1800+30"]

1. e4 {[%emt 0:00:00]} e5 {[%emt 0:00:00]} 2. Nf3 {[%emt 0:00:10]} Nc6 {[%emt 0:00:11]} 3. d4 {[%emt 0:03:18]} exd4 {[%emt 0:00:28]} 4. Nxd4 {[%emt 0:00:11]} Bc5 {[%emt 0:00:27]} 5. Nb3 {[%emt 0:00:15]} Bb6 {[%emt 0:02:05]} 6. Qe2 {[%emt 0:00:48]} d6 {[%emt 0:01:33]} 7. Nc3 {[%emt 0:00:49]} Nge7 {[%emt 0:03:22]} 8. Be3 {[%emt 0:01:23]} Be6 {[%emt 0:01:34]} 9. O-O-O {[%emt 0:00:45]} Qd7 {[%emt 0:02:09]} 10. h3 {[%emt 0:03:02]} O-O-O {[%emt 0:02:33]} 11. Bxb6 {[%emt 0:02:02]} axb6 {[%emt 0:00:51]} 12. f4 {[%emt 0:00:18]} f6 {[%emt 0:03:21]} 13. Qf2 {[%emt 0:01:34]} Qe8 {[%emt 0:05:45]} 14. Bb5 {[%emt 0:02:19]} Qf7 {[%emt 0:03:56]} 15. Rhe1 {[%emt 0:07:49]} Rhe8 {[%emt 0:08:05]} 16. Qf1 {[%emt 0:09:06]} Qf8 {[%emt 0:16:15]} 17. Kb1 {[%emt 0:17:16]} Kb8 {[%emt 0:01:09]} 18. Bc4 {[%emt 0:22:19]} Qf7 {[%emt 0:02:23]} 19. Bb5 {[%emt 0:01:41]} Qf8 {[%emt 0:00:19]} 20. Nd5 {[%emt 0:04:00]} Bd7 {[%emt 0:01:52]} 21. Nxe7 {[%emt 0:01:48]} Rxe7 {[%emt 0:00:44]} 22. Nd4 {[%emt 0:01:58]} Rde8 {[%emt 0:03:43]} 23. Nxc6+ {[%emt 0:08:57]} Bxc6 {[%emt 0:00:44]} 24. Bxc6 {[%emt 0:00:22]} bxc6 {[%emt 0:00:02]} 25. Qc4 {[%emt 0:02:05]} Kb7 {[%emt 0:00:17]} 26. Rd4 {[%emt 0:05:45]} Qf7 {[%emt 0:01:07]} 27. Qd3 {[%emt 0:00:09]} d5 {[%emt 0:02:33]} 28. Ka1 {[%emt 0:02:03]} Kb8 {[%emt 0:00:06]} 29. Kb1 {[%emt 0:00:04]} Kb7 {[%emt 0:00:06]} 30. Ka1 {[%emt 0:00:05]} Kb8 {[%emt 0:00:02]} 31. Kb1 {[%emt 0:00:07]} Kb7 {[%emt 0:00:00]} 32. Ka1 {[%emt 0:00:19]} Kb8 {[%emt 0:00:00]} 33. Kb1 Kb7 1/2-1/2

[Event "IIFL Wealth  4th Mumbai Junior U-13"]
[Site "Mumbai"]
[Date "2019.01.02"]
[Round "4"]
[White "Akshit Jha"]
[Black "Anurag Panigrahi"]
[Result "1-0"]
[WhiteElo "1604"]
[BlackElo "1315"]
[Annotator "NA"]
[PlyCount "55"]
[EventDate "2018.12.30"]
[EventType "swiss"]
[EventCountry "IND"]
[SourceTitle "playchess.com"]
[Source "ChessBase"]
[SourceQuality "1"]
[TimeControl "40/5400+30:1800+30"]

1. e4 {[%emt 0:18:47]} c5 {[%emt 0:00:00]} 2. Nf3 {[%emt 0:00:06]} d6 {[%emt 0:00:00]} 3. d4 {[%emt 0:00:06]} cxd4 {[%emt 0:00:00]} 4. Nxd4 {[%emt 0:00:03]} Nf6 {[%emt 0:00:04]} 5. f3 {[%emt 0:00:04]} a6 {[%emt 0:00:21]} 6. c4 {[%emt 0:00:08]} e6 {[%emt 0:02:45]} 7. Nc3 {[%emt 0:00:05]} Be7 {[%emt 0:00:30]} 8. Be3 {[%emt 0:00:07]} O-O {[%emt 0:01:56]} 9. Be2 {[%emt 0:00:38]} Qc7 {[%emt 0:04:14]} 10. O-O {[%emt 0:00:23]} Nc6 {[%emt 0:00:40]} 11. Rc1 {[%emt 0:00:31]} Rd8 {[%emt 0:05:30]} 12. Nd5 {[%emt 0:10:39]} exd5 {[%emt 0:08:02]} 13. cxd5 {[%emt 0:00:10]} Bd7 {[%emt 0:05:14]} 14. dxc6 {[%emt 0:00:22]} bxc6 {[%emt 0:08:23]} 15. Bc4 {[%emt 0:02:47]} Rab8 {[%emt 0:06:17]} 16. Rf2 {[%emt 0:03:44]} d5 {[%emt 0:04:34]} 17. exd5 {[%emt 0:00:35]} cxd5 {[%emt 0:00:10]} 18. Bxa6 {[%emt 0:05:26]} Qa5 {[%emt 0:06:04]} 19. Bd3 {[%emt 0:00:55]} Qxa2 {[%emt 0:01:43]} 20. Ra1 {[%emt 0:00:44]} Ba4 {[%emt 0:04:55]} 21. Qf1 {[%emt 0:01:47]} Qxa1 {[%emt 0:01:52]} 22. Qxa1 {[%emt 0:00:48]} Ra8 {[%emt 0:00:16]} 23. Qe1 {[%emt 0:00:41]} Re8 {[%emt 0:00:35]} 24. Re2 {[%emt 0:00:35]} Bc5 {[%emt 0:00:55]} 25. Bf2 {[%emt 0:00:43]} Bxd4 {[%emt 0:02:00]} 26. Bxd4 {[%emt 0:00:48]} Re6 27. Re3 Rxe3 {[%emt 0:01:16]} 28. Qe2 {[%emt 0:00:40]} 1-0

[Event "IIFL Wealth  4th Mumbai Junior U-13"]
[Site "Mumbai"]
[Date "2019.01.02"]
[Round "4"]
[White "Tejes Suresh Kumar"]
[Black "Sohanganesh Uddhav Nikam"]
[Result "1-0"]
[WhiteElo "1586"]
[BlackElo "1299"]
[Annotator "NA"]
[PlyCount "41"]
[EventDate "2018.12.30"]
[EventType "swiss"]
[EventCountry "IND"]
[SourceTitle "playchess.com"]
[Source "ChessBase"]
[SourceQuality "1"]
[TimeControl "40/5400+30:1800+30"]

1. e4 d5 2. exd5 Qxd5 3. Nc3 Qa5 4. Bc4 Bf5 5. d3 c6 6. Bd2 Qc7 7. Nf3 Nf6 8. O-O e6 9. Re1 Bd6 10. h3 h6 11. Qe2 O-O 12. Ne4 Be7 13. Ng3 Re8 14. Nxf5 exf5 15. Bxf7+ Kxf7 16. Qe6+ Kg6 17. Qxf5+ Kf7 18. Nh4 Kg8 19. Qg6 Kf8 20. Nf5 Bd6 21. Bxh6 1-0